Podstawowa wiedza o Polsce - Statystyki

Ogólne statystyki
  • Ten quiz został rozwiązany 4 259 razy
  • Średni wynik to 8 z 12
Statystyki odpowiedzi
Hint Odpowiedź % Poprawnych
Chrzest Polski 966
98%
Obecny prezydent Andrzej Duda
93%
Odzyskanie Niepodległości 1918
88%
Pierwszy kraj który zaatakował Polskę na początku II Wojny Światowej Niemcy
88%
Założyciel Solidarności Lech Wałęsa
85%
Prezydent Pijak Aleksander Kwasniewski
75%
Stan wojenny 1981
74%
II Rozbiór 1793
70%
Okrągły stół 1989
60%
Pierwszy prezydent III Rzeczy Pospolitej Wojciech Jaruzelski
47%
Rozwiń skrót PZPR Polska Zjednoczona Partia Robotnicza
40%
Długość trwania kadencji Gabierla Narutowicza 2 dni
16%
Nie znaleziono quizów pasujących do podanych kryteriów
Rozkład punktacji
Procent ludzi z każdym wynikiem
Percentyl według liczby udzielonych odpowiedzi
Twoja historia wyników
Nie rozwiązałeś tego quizu